书目信息 |
| 题名: |
作物栽培
|
|
| 作者: | 李正福 , 冯云选 著 | |
| 分册: | ||
| 出版信息: | 西安 世界图书出版西安有限公司 2018 |
|
| 页数: | 238页 | |
| 开本: | 26cm | |
| 丛书名: | ||
| 单 册: | ||
| 中图分类: | S31 | |
| 科图分类: | ||
| 主题词: | 作物--Zuo Wu--栽培技术--高等学校--教材 | |
| 电子资源: | ||
| ISBN: | 978-7-5192-0033-6 | |
| 000 | 00953nam0 2200289 450 | |
| 001 | 012001001842 | |
| 005 | 20131109102006.0 | |
| 010 | @a978-7-5192-0033-6@dCNY28.00 | |
| 099 | @aCAL 012019056940 | |
| 100 | @a20190430d2018 em y0chiy50 ea | |
| 101 | 0 | @achi |
| 102 | @aCN@b610000 | |
| 105 | @aak a 000yy | |
| 106 | @ar | |
| 200 | 1 | @a作物栽培@Azuo wu zai pei@d= The crops crop cultivation@f冯云选主编@zeng |
| 210 | @a西安@c世界图书出版西安有限公司@d2018 | |
| 215 | @a238页@c图@d26cm | |
| 314 | @a版权页题:李正福, 冯云选主编 | |
| 320 | @a有书目 | |
| 330 | @a本书共分十章,内容分别为:作物栽培简介,土壤耕作,种植制度,作物产量与品质,作物生长与发育,种子处理技术等。 | |
| 510 | 1 | @aCrops crop cultivation@zeng |
| 606 | 0 | @a作物@AZuo Wu@x栽培技术@x高等学校@j教材 |
| 690 | @aS31@v5 | |
| 701 | 0 | @a李正福@Ali zheng fu@4著 |
| 701 | 0 | @a冯云选@Afeng yun xuan@4著 |
| 801 | 0 | @aCN@b北京卓展@c20191020 |
| 905 | @b1199117-20@dS31@e65@f4 | |
| 作物栽培= The crops crop cultivation/冯云选主编.-西安:世界图书出版西安有限公司,2018 |
| 238页:图;26cm |
| ISBN 978-7-5192-0033-6:CNY28.00 |
| 本书共分十章,内容分别为:作物栽培简介,土壤耕作,种植制度,作物产量与品质,作物生长与发育,种子处理技术等。 |
| ● |
| 相关链接 |
|
|
|
|
正题名:作物栽培
索取号:S31/65
 
预约/预借
| 序号 | 登录号 | 条形码 | 馆藏地/架位号 | 状态 | 备注 |
| 1 | 1199117 | 211991175 | 第二样本阅览室/ [索取号:S31/65] | 在馆 | |
| 2 | 1199118 | 211991184 | 第三借阅区/ [索取号:S31/65] | 在馆 | |
| 3 | 1199119 | 211991193 | 第三借阅区/ [索取号:S31/65] | 在馆 | |
| 4 | 1199120 | 211991200 | 第三借阅区/ [索取号:S31/65] | 在馆 |